Undine and other stories / (Record no. 22609)
[ view plain ]
| 000 -LEADER | |
|---|---|
| fixed length control field | 01085nam a22002892i 4500 |
| 001 - CONTROL NUMBER | |
| control field | 22609 |
| 003 - CONTROL NUMBER IDENTIFIER | |
| rucl marc code | BD-RjUL |
| 005 - DATE AND TIME OF LATEST TRANSACTION | |
| control field | 20211209000828.0 |
| 008 - FIXED-LENGTH DATA ELEMENTS--GENERAL INFORMATION | |
| fixed length control field | 140308t1932 en 000 0 eng d |
| 035 ## - SYSTEM CONTROL NUMBER | |
| System control number | (BD-RjUL)22674 |
| System control number | OCLC ocm03027008 from D960213M |
| 040 ## - CATALOGING SOURCE | |
| Original cataloging agency | SVP |
| Transcribing agency | SVP |
| Modifying agency | EQO |
| -- | BD-RJUL |
| Language of cataloging | eng |
| 041 ## - LANGUAGE CODE | |
| Language code of text/sound track or separate title | eng |
| 082 04 - DEWEY DECIMAL CLASSIFICATION NUMBER | |
| Classification number | 833 |
| Author mark and year | LAU 1932 |
| 100 1# - MAIN ENTRY--PERSONAL NAME | |
| Personal name | La Motte-Fouqué, Friedrich Heinrich Karl, |
| Dates associated with a name | 1777-1843. |
| 9 (RLIN) | 69803 |
| 245 10 - TITLE STATEMENT | |
| Title | Undine and other stories / |
| Statement of responsibility, etc. | from the German of La Motte Fouqué ; with an introduction by Sir Edmund Gosse |
| 260 ## - PUBLICATION, DISTRIBUTION, ETC. (IMPRINT) | |
| Place of publication, distribution, etc. | Oxford : |
| Name of publisher, distributor, etc. | Oxford University Press, |
| Date of publication, distribution, etc. | 1932. |
| 300 ## - PHYSICAL DESCRIPTION | |
| Pagination | xvii, 348 p. ; |
| Size | 16 cm |
| 490 1# - SERIES STATEMENT | |
| Series statement | World's classics ; |
| Volume/sequential designation | 408 |
| 505 0# - FORMATTED CONTENTS NOTE | |
| Formatted contents note | Undine.--Sintram and his companions.--Aslauga's knight.--The two captains |
| 650 1# - SUBJECT ADDED ENTRY--TOPICAL TERM | |
| Topical term or geographic name as entry element | Fairy tales. |
| 9 (RLIN) | 69804 |
| 700 1# - ADDED ENTRY--PERSONAL NAME | |
| Personal name | Gosse, Edmund, |
| Dates associated with a name | 1849-1928. |
| 830 #0 - SERIES ADDED ENTRY--UNIFORM TITLE | |
| Volume number/sequential designation | 408 |
| 830 #0 - SERIES ADDED ENTRY--UNIFORM TITLE | |
| Uniform title | World's classics ; |
| 856 41 - ELECTRONIC LOCATION AND ACCESS | |
| Materials specified | Bodleian Library Fic. 27841 f.315 |
| Uniform Resource Identifier | <a href="http://purl.ox.ac.uk/uuid/14212fdb0f044954bda38d9c64ea05dd">http://purl.ox.ac.uk/uuid/14212fdb0f044954bda38d9c64ea05dd</a> |
| 942 ## - ADDED ENTRY ELEMENTS (KOHA) | |
| Source of classification or shelving scheme | Dewey Decimal Classification |
| Koha item type | Books |
| Lost status | Source of classification or shelving scheme | Damaged status | Not for loan | Collection code | Permanent Location | Current Location | Shelving location | Date acquired | Source of acquisition | Cost, normal purchase price | Total Checkouts | Full call number | Date last seen | Copy number | Koha item type |
|---|---|---|---|---|---|---|---|---|---|---|---|---|---|---|---|
| Dewey Decimal Classification | Fiction | Central Library, University of Rajshahi | Central Library, University of Rajshahi | Reading Room | 07/05/2019 | O. U. P | 2.13 | 833 LAU 1932 | 08/03/2014 | C-2 | Books | ||||
| Dewey Decimal Classification | Added to bundle | Fiction | Central Library, University of Rajshahi | Central Library, University of Rajshahi | Reading Room | 25/10/1954 | O.U.P. | 2.13 | 833 FOU 1932 | 31/03/2014 | C-1 | Books |